[Event "AUT-chT2S 9900"]
[Site "Austria"]
[Date "2000.03.17"]
[Round "9.6"]
[White "Jochinger, Ferdinand"]
[Black "Spirk, Stefan"]
[Result "1/2-1/2"]
[WhiteElo "2200"]
[BlackElo "2251"]
[PlyCount "85"]
[EventDate "1999.10.??"]
[EventType "team-tourn"]
[EventRounds "11"]
[EventCountry "AUT"]
[SourceTitle "EXT 2002"]
[Source "ChessBase"]
[SourceDate "2001.11.25"]
[SourceVersion "1"]
[SourceVersionDate "2001.11.25"]
[SourceQuality "1"]

1. e4 e6 2. d4 d5 3. Nc3 Bb4 4. exd5 exd5 5. a3 Be7 6. Nf3 Bf5 7. Bd3 Bxd3 8. Qxd3 c6 9. 0-0 Nf6 10. Re1 0-0 11. h3 Nbd7 12. Bf4 Re8 13. Re2 Nf8 14. Rae1 Ng6 15. Bh2 Bf8 16. Ne5 Nxe5 17. dxe5 Nd7 18. Kh1 Nc5 19. Qe3 Ne6 20. f4 g6 21. Rd2 f5 22. Bg1 Qe7 23. Ne2 Red8 24. Red1 Qe8 25. Qb3 b5 26. Qf3 a5 27. c3 b4 28. axb4 axb4 29. g4 bxc3 30. bxc3 Qf7 31. Rf1 Ra3 32. Rd3 Rda8 33. Ng3 Ra1 34. gxf5 gxf5 35. Rdd1 Rxd1 36. Rxd1 Ra4 37. Nh5 Be7 38. Rb1 Qg6 39. Be3 Kf7 40. Rg1 Qh6 41. Kh2 Ra2+ 42. Rg2 Rxg2+ 43. Kxg2 1/2-1/2

[Event "AUT-chT2S 9900"]
[Site "Austria"]
[Date "1999.10.10"]
[Round "2.4"]
[White "Sorg, Bernd"]
[Black "Jochinger, Ferdinand"]
[Result "1-0"]
[WhiteElo "2216"]
[BlackElo "2200"]
[PlyCount "81"]
[EventDate "1999.10.??"]
[EventType "team-tourn"]
[EventRounds "11"]
[EventCountry "AUT"]
[SourceTitle "EXT 2002"]
[Source "ChessBase"]
[SourceDate "2001.11.25"]
[SourceVersion "1"]
[SourceVersionDate "2001.11.25"]
[SourceQuality "1"]

1. Nf3 d5 2. g3 e6 3. Bg2 Nf6 4. 0-0 Be7 5. d4 0-0 6. c4 c6 7. Nc3 b6 8. Ne5 Bb7 9. e4 dxc4 10. Nxc4 Ba6 11. b3 b5 12. Ne3 b4 13. Ne2 Bxe2 14. Qxe2 Qxd4 15. Bb2 Qb6 16. Rac1 a5 17. g4 h6 18. Kh1 Nh7 19. f4 a4 20. g5 hxg5 21. f5 axb3 22. axb3 Ra2 23. Nc4 Qd4 24. fxe6 Rxb2 25. exf7+ Rxf7 26. Qxb2 Qxb2 27. Nxb2 Rxf1+ 28. Rxf1 Nf6 29. Nd3 Nbd7 30. Rc1 c5 31. e5 Ng4 32. e6 Nde5 33. Nxc5 g6 34. Ne4 Nd3 35. Rc7 Kf8 36. Rc2 Ne3 37. Rc8+ Kg7 38. Re8 Nf5 39. Bh3 Bc5 40. Rd8 Nf4 41. Bxf5 1-0

[Event "AUT-chT2S 9900"]
[Site "Austria"]
[Date "1999.10.09"]
[Round "1.3"]
[White "Egartner, Wolfgang"]
[Black "Jochinger, Ferdinand"]
[Result "1/2-1/2"]
[WhiteElo "2141"]
[BlackElo "2200"]
[PlyCount "35"]
[EventDate "1999.10.??"]
[EventType "team-tourn"]
[EventRounds "11"]
[EventCountry "AUT"]
[SourceTitle "EXT 2002"]
[Source "ChessBase"]
[SourceDate "2001.11.25"]
[SourceVersion "1"]
[SourceVersionDate "2001.11.25"]
[SourceQuality "1"]

1. d4 d5 2. c4 e6 3. g3 c6 4. Bg2 Bb4+ 5. Bd2 Bxd2+ 6. Nxd2 Ne7 7. Ngf3 Nd7 8. 0-0 0-0 9. e4 b6 10. Re1 Bb7 11. Rc1 Rc8 12. b4 c5 13. bxc5 dxe4 14. Nxe4 Bxe4 15. Rxe4 bxc5 16. dxc5 Nxc5 17. Rd4 Qc7 18. Qe2 1/2-1/2

[Event "AUT-chT2S 9697"]
[Site "Austria"]
[Date "1996.??.??"]
[Round "2"]
[White "Jochinger, Ferdinand"]
[Black "Frosch, Erich"]
[Result "1/2-1/2"]
[WhiteElo "2240"]
[BlackElo "2285"]
[PlyCount "39"]
[EventDate "1996.??.??"]
[EventType "team-tourn"]
[EventRounds "11"]
[EventCountry "AUT"]
[SourceTitle "EXT 1999"]
[Source "ChessBase"]
[SourceDate "1998.11.16"]
[SourceVersion "1"]
[SourceVersionDate "1998.11.16"]
[SourceQuality "1"]

1. e4 e5 2. d4 exd4 3. Qxd4 Nc6 4. Qe3 g6 5. f4 Bg7 6. Nf3 Qe7 7. c3 d6 8. Bb5 Bd7 9. Nbd2 f5 10. 0-0 fxe4 11. Nxe4 Nh6 12. Ng3 Qxe3+ 13. Bxe3 0-0-0 14. Rae1 Rde8 15. h3 a6 16. Bd3 Ne7 17. Bd2 Nhf5 18. Nxf5 gxf5 19. Re2 Ng6 20. Rfe1 1/2-1/2

[Event "Jacques Lemans op 16th"]
[Site "St Veit"]
[Date "1996.??.??"]
[Round "1"]
[White "Jochinger, Ferdinand"]
[Black "Grausgruber, Rene"]
[Result "1-0"]
[WhiteElo "2240"]
[BlackElo "1796"]
[PlyCount "47"]
[EventDate "1996.07.??"]
[EventType "swiss"]
[EventRounds "9"]
[EventCountry "AUT"]
[SourceTitle "EXT 1999"]
[Source "ChessBase"]
[SourceDate "1998.11.16"]
[SourceVersion "1"]
[SourceVersionDate "1998.11.16"]
[SourceQuality "1"]

1. d4 Nf6 2. c4 g6 3. Nc3 Bg7 4. e4 d6 5. Be2 0-0 6. Be3 Nbd7 7. Qd2 e5 8. d5 a5 9. f3 b6 10. g4 Nc5 11. h4 Bd7 12. h5 Rb8 13. Bh6 Qe7 14. Bxg7 Kxg7 15. 0-0-0 Ng8 16. Nh3 h6 17. hxg6 fxg6 18. Rdg1 g5 19. Rh2 Rf6 20. Nf2 Rbf8 21. Rh3 Rg6 22. Nh1 Qf6 23. Ng3 Qf4 24. Nh5+ 1-0

[Event "AUT-chT2S 9697"]
[Site "Austria"]
[Date "1996.??.??"]
[Round "11"]
[White "Jochinger, Ferdinand"]
[Black "Manhardt, Thomas"]
[Result "1/2-1/2"]
[WhiteElo "2240"]
[BlackElo "2135"]
[PlyCount "89"]
[EventDate "1996.??.??"]
[EventType "team-tourn"]
[EventRounds "11"]
[EventCountry "AUT"]
[SourceTitle "EXT 1999"]
[Source "ChessBase"]
[SourceDate "1998.11.16"]
[SourceVersion "1"]
[SourceVersionDate "1998.11.16"]
[SourceQuality "1"]

1. d4 Nf6 2. c4 g6 3. Nc3 Bg7 4. e4 0-0 5. Be2 d6 6. Be3 c5 7. d5 e6 8. Bf3 exd5 9. exd5 a6 10. Nge2 Re8 11. 0-0 Nbd7 12. Ng3 Ne5 13. Be2 Nfg4 14. Bf4 Nxh2 15. Re1 Nhg4 16. Nge4 h6 17. Qb3 Rb8 18. Bg3 Nf6 19. Nxf6+ Bxf6 20. Ne4 Bg7 21. f4 Ng4 22. Bxg4 Bxg4 23. f5 Bd4+ 24. Kh1 gxf5 25. Nxd6 Rxe1+ 26. Rxe1 Qg5 27. Bh2 f4 28. Ne4 Re8 29. Nf6+ Qxf6 30. Rxe8+ Kg7 31. Re4 Qf5 32. Qd3 f3 33. Rxg4+ Qxg4 34. gxf3 Qg5 35. d6 Qc1+ 36. Kg2 Qxb2+ 37. Kh3 Be5 38. Bxe5+ Qxe5 39. d7 Qh5+ 40. Kg2 Qg5+ 41. Kf1 Qd8 42. a4 h5 43. Qd5 b6 44. f4 f6 45. Qe6 1/2-1/2

[Event "AUT-chT2S 9697"]
[Site "Austria"]
[Date "1996.??.??"]
[Round "5"]
[White "Jochinger, Ferdinand"]
[Black "Titz, Heimo"]
[Result "1/2-1/2"]
[WhiteElo "2325"]
[BlackElo "2240"]
[PlyCount "128"]
[EventDate "1996.??.??"]
[EventType "team-tourn"]
[EventRounds "11"]
[EventCountry "AUT"]
[SourceTitle "EXT 1999"]
[Source "ChessBase"]
[SourceDate "1998.11.16"]
[SourceVersion "1"]
[SourceVersionDate "1998.11.16"]
[SourceQuality "1"]

1. e4 c5 2. Nf3 Nc6 3. Bb5 d6 4. 0-0 Bd7 5. d4 cxd4 6. Nxd4 Nf6 7. Re1 e6 8. c4 Rc8 9. Nxc6 Bxc6 10. Bxc6+ Rxc6 11. b3 Be7 12. Bb2 0-0 13. Nc3 a6 14. Qe2 Qa5 15. e5 dxe5 16. Qxe5 Qxe5 17. Rxe5 Rd8 18. Re2 Bb4 19. a3 Bxc3 20. Bxc3 b5 21. Bxf6 gxf6 22. cxb5 axb5 23. a4 bxa4 24. bxa4 Rd4 25. f3 Ra6 26. Re4 Rd5 27. Rg4+ Kf8 28. Rb1 Ra7 29. Rh4 h5 30. Rb5 Ra5 31. Rxa5 Rxa5 32. Kf2 Ke7 33. Ke3 Kd6 34. Kd3 Rg5 35. Rd4+ Kc6 36. g3 Ra5 37. Rc4+ Kd6 38. g4 hxg4 39. fxg4 f5 40. g5 e5 41. h4 e4+ 42. Ke2 Ke5 43. h5 Kf4 44. g6 fxg6 45. hxg6 Ra7 46. Rc8 Rg7 47. Rc6 Ra7 48. Rc8 Rg7 49. Rc6 Ke5 50. a5 f4 51. a6 Kf5 52. Rb6 Kg4 53. Rf6 Kg3 54. Re6 e3 55. Rf6 Kg4 56. Rf8 Kg5 57. Kf3 Ra7 58. Rxf4 Kxg6 59. Ra4 Kf5 60. Kxe3 Ke5 61. Kd3 Kd5 62. Kc3 Kc5 63. Ra5+ Kb6 64. Kb4 Rxa6 1/2-1/2

[Event "AUT-chT2S 9697"]
[Site "Austria"]
[Date "1996.??.??"]
[Round "3"]
[White "Sapi, Laszlo"]
[Black "Jochinger, Ferdinand"]
[Result "1/2-1/2"]
[WhiteElo "2240"]
[BlackElo "2280"]
[PlyCount "36"]
[EventDate "1996.??.??"]
[EventType "team-tourn"]
[EventRounds "11"]
[EventCountry "AUT"]
[SourceTitle "EXT 1999"]
[Source "ChessBase"]
[SourceDate "1998.11.16"]
[SourceVersion "1"]
[SourceVersionDate "1998.11.16"]
[SourceQuality "1"]

1. d4 Nf6 2. c4 g6 3. Nc3 Bg7 4. e4 d6 5. Be2 Nbd7 6. Bg5 h6 7. Be3 c6 8. g4 e5 9. d5 Qc7 10. f3 c5 11. Qd2 Nf8 12. h4 Bd7 13. Nh3 Ng8 14. h5 f5 15. exf5 gxf5 16. Qc2 Ne7 17. Nf2 0-0-0 18. 0-0-0 Nh7 1/2-1/2

[Event "Casino op 3rd"]
[Site "Velden"]
[Date "1995.??.??"]
[Round "4"]
[White "Heilinger, Dietmar"]
[Black "Jochinger, Ferdinand"]
[Result "1-0"]
[WhiteElo "2210"]
[BlackElo "2235"]
[PlyCount "23"]
[EventDate "1995.06.30"]
[EventType "swiss"]
[EventRounds "9"]
[EventCountry "AUT"]
[SourceTitle "EXT 1997"]
[Source "ChessBase"]
[SourceDate "1996.11.15"]
[SourceVersion "1"]
[SourceVersionDate "1996.11.15"]
[SourceQuality "1"]

1. c4 Nf6 2. Nc3 e6 3. e4 d5 4. e5 Ng8 5. cxd5 exd5 6. d4 Be7 7. f4 f6 8. Bd3 g6 9. f5 fxe5 10. fxg6 Bf6 11. gxh7 Be6 12. dxe5 1-0